[Event "Loire-ch Top20 0304"]
[Site "Loire"]
[Date "2003.09.27"]
[Round "1"]
[White "Adamus, Jeremy"]
[Black "Ollier, Michel"]
[Result "1/2-1/2"]
[WhiteElo "1910"]
[BlackElo "2030"]
[PlyCount "69"]
[EventDate "2003.09.27"]
[EventType "swiss"]
[EventRounds "9"]
[EventCountry "FRA"]
[SourceTitle "EXT 2008"]
[Source "ChessBase"]
[SourceDate "2007.11.25"]
[SourceVersion "1"]
[SourceVersionDate "2007.11.25"]
[SourceQuality "1"]

1. d4 Nf6 2. c4 e6 3. Nf3 b6 4. Bf4 Ba6 5. Qc2 Bb4+ 6. Nbd2 0-0 7. a3 Be7 8. e4 d6 9. Bd3 h6 10. h3 Bb7 11. g4 Re8 12. Ke2 Nbd7 13. e5 dxe5 14. dxe5 Nc5 15. exf6 Bxf6 16. Be3 Nxd3 17. Qxd3 Qe7 18. Rab1 e5 19. Ne4 Rad8 20. Qc2 c5 21. Rhd1 Rd4 22. Nxf6+ Qxf6 23. Nxd4 exd4 24. Qf5 Qe7 25. Qf4 Qe6 26. b3 dxe3 27. fxe3 g5 28. Qg3 Qe4 29. Rbc1 a6 30. Rd6 b5 31. cxb5 axb5 32. Rd7 b4 33. a4 Ba6+ 34. Kf2 Qe6 35. Rcd1 1/2-1/2